Ročné zúčtovanie preddavkov na daň z príjmu FO a daňový bonus za rok 2011
Ročné zúčtovanie preddavkov na daň z príjmu fyzických osôb, ktoré sa vykonáva na základe Žiadosti o ročné zúčtovanie. Zamestnanec a zúčtovanie dane v zdaňovacom období.
Enregistré dans:
| Auteur principal: | |
|---|---|
| Format: | Chapitre de livre |
| Langue: | slovaque |
| Sujets: | |
| Tags: |
Pas de tags, Soyez le premier à ajouter un tag!
|
MARC
| LEADER | 00000nla$a2200000$$$4500 | ||
|---|---|---|---|
| 001 | 0148913 | ||
| 005 | 20240502072659.8 | ||
| 041 | 0 | |a slo | |
| 044 | |a SK | ||
| 245 | 1 | 0 | |a Ročné zúčtovanie preddavkov na daň z príjmu FO a daňový bonus za rok 2011 |c Denisa Repková |
| 520 | |a Ročné zúčtovanie preddavkov na daň z príjmu fyzických osôb, ktoré sa vykonáva na základe Žiadosti o ročné zúčtovanie. Zamestnanec a zúčtovanie dane v zdaňovacom období. | ||
| 610 | 2 | 0 | |a dane |
| 610 | 2 | 0 | |a dane z príjmov |
| 610 | 2 | 0 | |a preddavky |
| 610 | 2 | 0 | |a základ dane |
| 610 | 2 | 0 | |a povinnosť daňová |
| 610 | 2 | 0 | |a priznania daňové |
| 610 | 2 | 0 | |a zvýhodnenie daňové |
| 100 | 1 | |a Repková, Denisa, 1983- | |